[Event "Sigeman & Co 11th"]
[Site "Malmo"]
[Date "2003.04.30"]
[Round "2"]
[White "Hansen, Sune Berg"]
[Black "Hillarp Persson, Tiger"]
[Result "1/2-1/2"]
[WhiteElo "2537"]
[BlackElo "2474"]
[Annotator "Roiz,M"]
[PlyCount "57"]
[EventDate "2003.04.29"]
[EventType "tourn"]
[EventRounds "9"]
[EventCountry "SWE"]
[EventCategory "13"]
[SourceTitle "CBM 095"]
[Source "ChessBase"]
[SourceDate "2003.07.25"]
[SourceVersion "1"]
[SourceVersionDate "2003.07.25"]
[SourceQuality "1"]

1. e4 d6 2. d4 Nf6 3. Nc3 g6 4. Be3 c6 5. Nf3 Nbd7 6. Bd3 Qc7 {The usual place
for the queen in this variation is on e7. The idea of this move is to prevent
e4-e5. Black is waiting with development of his dark-squared bishop.} 7. Qd2 b5
8. O-O Bb7 {Sometimes black bishop can be placed on the f8-a3 diagonal. That
is the reason of black's last move.} (8... Bg7 {is more popular} 9. Bh6 (9. a4
b4 10. Ne2 a5 11. c3 bxc3 12. bxc3 O-O 13. Bh6 e5 14. Ng3 Re8 15. Rfe1 Nf8 16.
Nh4 Ne6 17. Bxg7 Kxg7 $11 {Charbonneau,P-Zubov,A/Wch U16 Oropesa del Mar 1999})
9... O-O 10. a4 ({The right plan may be:} 10. Ne2 e5 11. c3 Nb6 12. Ng3 Re8 13.
Bxg7 Kxg7 14. Nh4 Ng8 15. f4 f6 16. Rf2 $16 {1-0 Ambroz,J-Baum,B/Bad Ragaz op
1993}) 10... b4 11. Ne2 (11. Nd1 a5 12. Re1 c5 13. Bxg7 Kxg7 14. e5 Nd5 15. Re4
h6 16. dxc5 dxe5 17. c6 Qxc6 18. Ne3 Nxe3 19. Qxe3 Qc5 (19... Bb7 $5 20. Rh4 g5
21. Be4 Qc5 $15) 20. Nxe5 Qxe3 21. Rxe3 Nxe5 22. Rxe5 e6 23. Be4 Ra7 24. Rc5
Rd8 $11 {1/2-1/2 Kupreichik,V-Pribyl,J/Schwaebisch Grnuend op 1995}) 11... c5
12. c3 bxc3 13. bxc3 e5 14. Ng3 Re8 15. Nh4 Bh8 16. Nhf5 $13 {1-0 Moroz,
A-Rakhmangulov,A/Rovno 2000}) (8... e5 9. a4 b4 10. Ne2 exd4 11. Nexd4 c5 12.
Nb5 Qc6 13. Bc4 $40 {1-0 Nunn,J-McNab,C/Walsall 1992}) 9. Rfe1 e5 {Black
cannot wait with this standard move anymore.} 10. a4 $146 (10. Rad1 a6 11. h3 (
11. Bh6 $5 exd4 $140 12. Nxd4 b4 (12... c5 $2 13. Nd5 $16) 13. Nb1 c5 14. Nf3
$14) 11... Bg7 12. Bh6 O-O 13. dxe5 Nxe5 14. Nh4 Rfe8 15. Bxg7 Kxg7 16. Qg5 $14
{1/2-1/2 Miljanic,B-Parligras,M/Bucharest-A 2000}) 10... a6 11. dxe5 (11. Bh6
b4 12. Nd1 Bxh6 13. Qxh6 exd4 14. Nxd4 c5 $132) 11... dxe5 12. Bh6 Be7 {
This idea is not new-in some ways black can leave his king in the centre
because it is not easy to open up the position.} (12... Qd6 13. Rad1 Bxh6 14.
Qxh6 Qf8 15. Qh4 Qe7 $14) 13. h3 (13. axb5 cxb5 14. Nd5 Nxd5 15. exd5 f6 16.
Rad1 (16. Be4 $2 Nc5 17. d6 Nxe4 18. dxc7 Nxd2 19. Nxd2 Rc8 $17) 16... Rd8 $13
{black's position is solid enouth}) 13... Rd8 {[%cal Gd8d2] There is not many
good places for the queen.} 14. Qe3 (14. b4 Qd6 $1 (14... Bxb4 $2 15. Nxb5) (
14... Nf8 $2 15. axb5 cxb5 16. Bg7 $1 Rg8 17. Bxf6 Bxf6 18. Nd5 $16) 15. Rab1
Nf8 16. axb5 cxb5 17. Nd5 Nxd5 18. exd5 f6 $13 {with complicated position.})
14... Bc5 15. Qg5 Be7 16. Qe3 Bc5 17. Qc1 ({after} 17. Qe2 Nh5 18. axb5 axb5
$13 {The queen is not placed well.} (18... cxb5 $2 19. Nd5 $36)) 17... Qd6 $6 {
[%cal Gd7f8,Gf8e6] Black's plan is to put the knight on e6, there it will
control an important black squares. But this plan has a clear drawback:a loss
of coordination between a lot of pieces.} ({possible was} 17... Be7 {[%cal
Gd7c5]} 18. axb5 cxb5 19. Nd5 Nxd5 20. exd5 f6 21. c4 Nc5 22. cxb5 Qd7 $132 {
[%csl Rd3,Rd5][%cal Gc5b3] with complicated position.}) 18. Ne2 $1 Nf8 19. Qg5
(19. Rd1 $5 Ne6 20. axb5 axb5 21. c3 Qc7 22. b4 Be7 (22... Bb6 $6 23. c4 $16 {
[%csl Rb6,Rb7][%cal Gc4c5]}) 23. Qc2 $14) 19... N6d7 20. Red1 f6 (20... Ne6 21.
Qg3 Qc7 22. c3 $14 (22. axb5 $5 cxb5 23. Nc3 {[%cal Gc3d5]} Nf4 24. Nd5 Nxd5
25. exd5)) 21. Qh4 Qe7 22. c3 (22. axb5 cxb5 23. Nc3 $36) 22... Qf7 23. Bb1 $1
{[%cal Gb1a2] The bishop gets a nice job!} (23. b4 Be7 24. Qg3 (24. Rd2 $5)
24... Ne6 25. Rd2 Nb6 $14) 23... Qe7 24. Ba2 Nb6 $2 {[%mdl 8192]} (24... Ne6
$142 25. b4 Bb6 $16) 25. Ng5 $2 {Missing a winning combination!} (25. Nxe5 $1
Rxd1+ 26. Rxd1 Qxe5 (26... fxe5 27. Bg5 $18 {[%cal Gd1d8]}) 27. Bg7 $18 {
[%csl Rf6,Rh8][%cal Gg7f6,Gd1d8]}) 25... Rxd1+ 26. Rxd1 Nc4 $8 27. b4 (27. b3
Nd6 28. Nf3 a5 29. axb5 cxb5 {and black has chanses to hold the position.})
27... Bb6 28. Bxc4 bxc4 29. Nf3 $16 {[%csl Rc4,Re8,Rf6][%cal Gf3d2][%mdl 2080]
In this position white is still much better - the black king is in danger.
More than that, the pawn on c4 is very weak, so I don't understand why did
white offered a draw.} 1/2-1/2

[Event "FRA-chT Gp-A"]
[Site "France"]
[Date "2003.04.03"]
[Round "4.3"]
[White "Tirard, Hugo"]
[Black "Gurevich, Mikhail"]
[Result "0-1"]
[WhiteElo "2399"]
[BlackElo "2634"]
[Annotator "Roiz,M"]
[PlyCount "58"]
[EventDate "2003.01.31"]
[EventType "team"]
[EventRounds "7"]
[EventCountry "FRA"]
[SourceTitle "CBM 095"]
[Source "ChessBase"]
[SourceDate "2003.07.25"]
[SourceVersion "1"]
[SourceVersionDate "2003.07.25"]
[SourceQuality "1"]
[WhiteTeam "Noyon"]
[BlackTeam "Gonfreville"]
[WhiteTeamCountry "FRA"]
[BlackTeamCountry "FRA"]

1. e4 d6 2. d4 Nf6 3. Nc3 g6 4. Be3 c6 5. Qd2 b5 6. Bd3 Nbd7 7. Nf3 (7. O-O-O {
leads to more complicated positions.}) 7... Qc7 ({The most popular
continuation is} 7... Bg7 8. O-O ({In my opinion,the best move for white in
this position is} 8. Bh6 Bxh6 (8... O-O 9. Bxg7 Kxg7 10. a4 (10. e5 dxe5 11.
dxe5 Ng4 12. Qf4 Nc5 13. Rd1 $14) 10... b4 11. Ne2 a5 12. e5 $6 (12. c3 bxc3
13. bxc3 e5 14. Ng3 h6 15. O-O Rb8 16. Rab1 $14) 12... dxe5 13. dxe5 Ng4 14.
Qf4 Nc5 15. Rd1 Qb6 $15 {0-1 Emms,J-Schmaltz,R/Harplinge 1998}) 9. Qxh6 e5 10.
h3 Bb7 11. O-O Nh5 12. Ne2 Qf6 13. a4 b4 14. a5 Rb8 15. dxe5 Nxe5 16. Nxe5 Qxe5
17. Rae1 $36 {1-0 De Vreugt,D-Gurevich,M/Lost Boys op 2001}) 8... O-O 9. h3 (9.
Bh6 Qc7 10. Ne2 a5 11. Ng3 (11. a4 b4 12. c3 c5 $13) 11... e5 12. c3 a4 13. Nh4
Bxh6 14. Qxh6 Kh8 15. Nf3 (15. f4 Ng8 $1 16. Qg5 h6 17. Qg4 exf4) 15... Ng8 16.
Qd2 Bb7 $11 {Van den Doel,E-Gagunashvili,M/Bled ol (Men) 2002}) 9... e5 10.
dxe5 dxe5 11. a4 b4 12. Ne2 c5 13. c3 Bb7 14. cxb4 cxb4 15. Qxb4 Rb8 16. Qa3
Bxe4 17. Bxe4 Nxe4 18. Bxa7 Rb7 19. Be3 Qb8 20. Nc3 Rb3 21. Qe7 Nxc3 22. bxc3
Nb6 23. Rfd1 Nc4 24. Bc5 Rxc3 25. Qd7 $16 {1-0 Akopian,V-Azmaiparashvili,Z/
Bled ol (Men) 2002}) 8. h3 Bb7 $5 {Black is waiting with development of his
dark-squared bishop, because may change it by Bh6.} 9. b3 $6 $146 {A loss of
time.After that strange move white cannot fight for the opening advantage.} (9.
O-O a6 (9... b4 $5 {Roiz,M} 10. Ne2 c5 11. Ng3 c4 12. Be2 Bxe4 13. Nxe4 (13.
Qxb4 d5 14. Nd2 Bxc2 15. Qc3 Bf5 16. b3 Be6 $15) 13... Nxe4 14. Qxb4 d5 $13)
10. a4 b4 11. Ne2 c5 12. Ng3 c4 13. Be2 c3 $2 (13... Nxe4 14. Nxe4 Bxe4 15.
Qxb4 Bd5 $11) 14. bxc3 bxc3 15. Qd3 Bg7 16. Ra3 Rc8 17. Rb1 $16 {1-0
Schmittdiel,E-Lau,R/Bad Woerishofen op 1992}) (9. a3 a5 (9... Bg7 10. Bh6 O-O
11. Bxg7 Kxg7 12. O-O e5 13. Rad1 a6 $11) 10. O-O Bg7 11. Bh6 O-O 12. Bxg7 Kxg7
13. Rfe1 e5 14. Ne2 $14 {Gara,A-Berzina,Ilze/EU-ch U16 Girls}) 9... Bg7 10. O-O
O-O (10... b4 11. Ne2 c5 12. Ng3 d5 13. e5 Ne4 14. Qe1 $13) 11. Bh6 (11. a4 b4
12. Ne2 c5 {[%csl Rc3] and it is clear that only black can be better here:
white cannot play the standard c2-c3.}) 11... e5 12. dxe5 {White cannot hold
the pressure too much-his pieces are not coordinated well.} (12. Bxg7 Kxg7 13.
Ne2 $6 c5 $1 14. dxe5 dxe5 $15) 12... dxe5 13. Bxg7 Kxg7 {Black has a standard
plan in this type of positions:he wants to play a7-a6 and c6-c5.In this way he
will be better due to weak pawn e4.On the other hand,it is no so easy to see
the effective plan of white.} 14. Rfd1 $6 ({More accurate was} 14. a4 a6 (14...
b4 15. Ne2 c5 16. Ng3 $11) 15. Qe3 $11 {[%csl Rc5][%cal Ye3c5]}) 14... a6 {
[%cal Gc6c5]} 15. a4 Nc5 $1 {[%cal Gb5b4]} 16. b4 $6 ({Better was} 16. Qg5 $1
b4 (16... Nxd3 17. cxd3 Rfe8 18. Nh4 $132) 17. Ne2 Nfxe4 18. Qxe5+ Qxe5 19.
Nxe5 {and white has good chanses to equalize the position.}) 16... Ne6 {
[%csl Rb4][%cal Gc6c5,Ge6d4,Ge6f4,Ga6a5] The knight has got his ideal place:
it can be placed on d4 or f4 in future.Now black can play against the Pb4.} 17.
Ne2 (17. Qe3 Rfd8 {[%cal Ge6f4,Ge6d4]} 18. Bf1 Rxd1 19. Rxd1 a5 $1 20. axb5 (
20. bxa5 b4 $17) 20... axb4 21. b6 (21. bxc6 Qxc6 22. Nd5 Qxc2 $17)) 17... c5
$1 18. bxc5 (18. axb5 axb5 19. bxc5 Nxe4 20. Qe3 N6xc5 21. Bxb5 f5 $15) 18...
Nxe4 19. Bxe4 $2 {After that mistake white is just lost from positional point
of view:he has a lot of weaknesses and he cannot avoid material losses.} (19.
Qe3 $142 N6xc5 20. axb5 axb5 21. Bxb5 {-18.axb5}) 19... Bxe4 {The black bishop
is very strong without an opponent.} 20. axb5 Bxf3 ({Possible was also} 20...
axb5 21. Rxa8 Rxa8 22. Qc3 f6 23. Nd2 Rd8 24. Rb1 Bd5 $17 {[%csl Rc5] and
white has no useful moves.} 25. Rxb5 $2 Bxg2 $19) 21. gxf3 axb5 22. Rxa8 Rxa8
$17 {[%csl Rc2,Rc5,Rf2,Rf3,Rh3] All the pawns of white are very weak!} 23. Qc3
({More resistant was} 23. Qb4 Nxc5 (23... Rd8 24. Rxd8 Qxd8 25. Qxb5 Qd5 26.
Kg2) 24. Qxb5 (24. Rd5 Ne6 25. Qb2 f6 26. Qxb5 Ra1+ 27. Kg2 Qxc2 28. Rd7+ Kh6
$19) 24... Ne6 $17) 23... Ra4 $1 {[%cal Ga4c4] Mikhail Gurevich shows a good
technique! The rook gets his ideal place.} 24. f4 (24. Rd5 Rc4 25. Qe3 (25.
Qxe5+ Qxe5 26. Rxe5 Rxc2 $19 {[%cal Gb5b4]}) 25... Rxc2 26. Rxe5 Rxc5 27. Rxc5
Qxc5 $19) 24... Rc4 $19 (24... Nxf4 $6 25. Nxf4 Rxf4 26. Rd6 $17 {with some
counterchanses for white.}) 25. Qxe5+ Qxe5 26. fxe5 Rxc2 27. Kf1 (27. Nd4 Rxc5
28. Nxe6+ fxe6 29. f4 Rc4 30. Rd7+ Kh6 31. Re7 Rxf4 32. Rxe6 Kg5 33. Re7 h5 $19
{[%csl Rg1][%cal Gb5b4] white is completely lost-his king is very passive.})
27... Rxc5 28. f4 Rc4 29. Kf2 Nxf4 {[%mdl 2052]} 0-1

[Event "EU-Cup 30th"]
[Site "Bilbao"]
[Date "2014.09.20"]
[Round "7.1"]
[White "Roiz, Michael"]
[Black "Naiditsch, Arkadij"]
[Result "1-0"]
[WhiteElo "2579"]
[BlackElo "2715"]
[Annotator "Roiz,M"]
[PlyCount "125"]
[EventDate "2014.09.14"]
[EventType "team-swiss"]
[EventRounds "7"]
[EventCountry "ESP"]
[SourceTitle "CBM 163"]
[Source "ChessBase"]
[SourceDate "2014.11.11"]
[SourceVersion "1"]
[SourceVersionDate "2014.11.11"]
[SourceQuality "1"]
[WhiteTeam "Beer Sheva"]
[BlackTeam "Taldea Gros Xake"]
[WhiteTeamCountry "ISR"]
[BlackTeamCountry "ESP"]

1. d4 g6 {This move came as a real surprise.} 2. e4 {I decided to go for a
solid line of Pirc Defence, in which neither player had much experience.} (2.
c4 Bg7 3. Nf3 d6 4. Nc3 {could transpose to the normal lines of KID.}) 2... Bg7
3. Nf3 d6 4. c3 Nf6 5. Bd3 O-O 6. O-O Nc6 {White has a stable pawn centre, so
Black should attack it by means of c6-c5 or e6-e5.} 7. h3 (7. d5 $5 {is a
favourite line of GM Sergei Tiviakov, but i like the text move.}) 7... e5 8.
Re1 a5 {Arkadij comes up with a rare and interesting continuation. Black is
fighting for some space on the queenside.} ({The are more common alternatives:
} 8... Bd7 9. Na3 a6 10. Nc2 Kh8 11. Bg5 h6 12. Be3 Qe8 13. Qd2 $14 {1-0
Sokolov,I (2650)-Georgiev,K (2644)/Dubai UAE 2014 (44)}) (8... h6 9. Na3 Re8
10. Nc2 Bd7 11. Bd2 $14 {1-0 Ivanchuk,V (2753)-Giri,A (2734)/Leon ESP 2013 (35)
}) (8... Re8 9. Na3 (9. d5 Ne7 10. c4 h6 11. Nc3 Nh7 12. Bd2 $14 {1-0 Timofeev,
A (2597)-Rozum,I (2553)/Samara RUS 2014 (41)}) 9... exd4 10. cxd4 Nb4 11. Bb1
c5 12. dxc5 dxc5 13. Nb5 $14 {1-0 Landa,K (2641)-Huzman,A (2591)/Eilat 2012/
CBM 151 (42)}) (8... Nh5 9. Bf1 h6 10. Na3 Nf4 11. dxe5 (11. Be3 $5) 11... dxe5
12. Qxd8 Rxd8 13. Bxf4 exf4 14. Nb5 Rd7 15. Rad1 Re7 $11 {1-0 Bologan,V (2732)
-Chadaev,N (2580)/Astana 2012/CBM 149 Extra (50)}) 9. a3 $146 {A double-edged
novelty. White takes control of the b4-spot, so the Bd3 is secured now. On the
other hand, the a3-square is not reachable for the knight anymore, so White's
position becomes somewhat less flexible.} ({The preceding game saw another
main response:} 9. Na3 $5 exd4 {and here after} 10. cxd4 ({Instead of} 10. Nxd4
Nxd4 11. cxd4 c6 12. Nc2 Ne8 13. Bd2 Nc7 14. Qc1 Ne6 $11 {1-0 Kuporosov,V 
(2480)-Krause,C (2195)/Wattens 1999/EXT 2001 (69)}) 10... Nb4 11. Bb1 Bd7 12.
Bg5 $14 {White keeps a definite edge due to a space advantage.}) 9... a4 10.
Bc2 (10. d5 $5 {deserved serious attention:} Ne7 (10... Nb8 11. c4 Nbd7 12. Nc3
Nc5 13. Bc2 Bd7 14. Be3 $14) 11. c4 Nd7 12. Nc3 Nc5 13. Bc2 {winning the
a-pawn, and after:} f5 14. Nxa4 Nxe4 15. Bxe4 fxe4 16. Ng5 Nf5 17. Nxe4 $14 {
it doesn't seem like Black has sufficient compensation.}) ({I correctly
rejected} 10. Be3 d5 $1 11. Nbd2 (11. dxe5 Nxe4 12. Nbd2 Bf5 $11) 11... exd4
12. cxd4 dxe4 13. Nxe4 Nxe4 14. Bxe4 Re8 15. Bxc6 bxc6 16. Rc1 Be6 $11) 10...
b5 $1 {A correct decision. The position is similar to the classical lines of
the Ruy Lopez now. White has a strong pawn centre and some space advantage,
but Black's setup is quite flexible, while the light squares on the queenside 
(b3 and c4) may be vulnerable in the long run.} (10... Bd7 11. Be3 (11. d5 Ne7
12. c4 Nh5 13. Nc3 Qe8 $132) 11... Nh5 12. Nbd2 b5 13. Bd3 Rb8 14. Qc2 $14) 11.
Be3 Nd7 {Arkadij finds a good route for his knight.} (11... Rb8 12. Nbd2 Bd7
13. Bd3 Re8 14. Qc2 $14) 12. Nbd2 Na5 {Black is ready to consolidate the
position by means of c7-c5, so White has to react somehow.} (12... Ba6 13. Bd3
Qb8 14. Qe2 (14. Qc2 Qb7 (14... Re8 15. b3 axb3 16. Nxb3 $14) 15. Rab1 Na5 16.
b4 axb3 17. Nxb3 Nxb3 18. Rxb3 exd4 19. cxd4 c5 $132) 14... exd4 (14... Qb7 15.
Rab1 Na5 16. b3 axb3 17. Nxb3 Nxb3 18. Rxb3 $14) 15. cxd4 Na5 16. Rad1 $14) 13.
dxe5 $6 {I chose a wrong version of the plan.} ({After} 13. Bd3 $142 Ba6 14.
Qe2 Rb8 15. dxe5 {would be much more effective:} Nxe5 (15... dxe5 16. b4 axb3
17. a4 c6 18. Reb1 $14) 16. Nxe5 dxe5 17. Ba7 Rb7 18. Bc5 Re8 19. Red1 $14)
13... dxe5 $6 {Now White's idea is justified.} ({Black could have equalised
with precise play:} 13... Nxe5 $1 14. Nxe5 dxe5 15. Qe2 Qd7 $1 16. Bd3 Ba6 $11)
14. c4 {This concrete approach wasn't the most precise from an objective point
of view, but Arkadij had to solve some definite concrete problems.} ({Still,} 
14. Bd3 $1 {was stronger:} Ba6 15. Qe2 Rb8 16. b4 $1 axb3 17. a4 {and White is
better, like in the previous note.}) 14... bxc4 (14... c6 15. cxb5 cxb5 16. Qe2
Ba6 17. Bd3 Qb8 18. Rec1 Qb7 19. Rab1 $14 {[%cal Gb2b3]}) 15. Bxa4 Ba6 $2 {
This mistake makes Black's position difficult.} ({My idea was to meet} 15...
Nb6 $1 {with} 16. Bc5 Nxa4 17. Qxa4 {but I missed:} c3 $1 18. bxc3 Re8 $44 {
with good compensation for a pawn.}) 16. b4 cxb3 17. Nxb3 Nxb3 {A sad
necessity.} ({Hardly better was:} 17... Bc8 18. Qc2 Nxb3 19. Bxb3 $16) 18. Bxb3
$16 {White's advantage is undisputable now.} ({Another promising continuation
was} 18. Qxb3 $5 Rb8 (18... Nb6 19. Bc6 Rb8 20. Bc5 Nd7 21. Bb4 $16) 19. Qc3
Nb6 20. Bb3 Qd3 21. Qxd3 Bxd3 22. Nd2 $16) 18... Nb6 $2 {White's pressure on
the Pf7 was very annoying, so Arkadij was trying to simplify the position.
However, this move leads to a lost position.} (18... c5 $142 19. Rc1 Rc8 20.
Bd5 Qe7 21. Qc2 $16) 19. Qxd8 ({Nor was there anything wrong with} 19. Qc2 Bd3
(19... Nc8 20. Bd5 Rb8 21. Rac1 $18) 20. Qc6 Qd7 21. Qxd7 Nxd7 22. Red1 Bb5 23.
a4 Bc6 24. a5 $18) 19... Rfxd8 ({Also after} 19... Raxd8 20. Rec1 Rd7 21. a4
$18 {Black's position lacks any active ideas.}) 20. Rec1 Rd3 {The best
practical chance.} (20... Rd7 {would offer no hope:} 21. a4 Nc8 22. a5 Nd6 23.
Bd5 Rc8 24. Rc6 Bb7 25. a6 $18 {and the a-pawn decides the game.}) 21. Rab1 Ra7
{This move looks quite ugly, but I can hardly suggest anything better.} ({
For instance,} 21... Rd7 22. Ng5 $1 Bd3 (22... h6 23. Bxf7+ Kh8 24. Be6 Re7 25.
Bxb6 cxb6 26. Bd5 Bb7 27. Ne6 Rxa3 28. Rxb6 $18) 23. Nxf7 Bxb1 24. Nxe5+ Kf8
25. Nxd7+ Nxd7 26. Rxb1 Rxa3 27. g3 $18 {with a winning ending.}) 22. Rc5 $2 {
Being under time pressure, I commited a serious tactical mistake.} ({At the
same time, there were 2 convincing winning continuations:} 22. a4 $1 Rb7 (22...
Rxe3 23. fxe3 Bd3 24. Rb2 (24. a5 Rxa5 25. Bxf7+ $18) 24... Bxe4 25. Ng5 $18)
23. Bxb6 (23. a5 Nd7 24. Bd5 Rxb1 25. Rxb1 Bf8) (23. Ne1 Rd8 24. Rc6 $18) 23...
Rxb6 (23... cxb6 24. Rc8+ Bf8 25. Ra8 $1 $18) 24. Bxf7+ Kxf7 25. Rxc7+ $18) ({
Or} 22. Rc6 Rb7 23. Bxb6 Rxb6 24. Bxf7+ Kf8 25. Rbxb6 cxb6 26. Rxb6 Rxa3 27.
Bd5 $18) 22... Rb7 $1 23. Ra5 $6 {One more nervous move.} ({Now, when I look
at this position I can hardly understand what I missed in the following simple
line:} 23. Nxe5 $4 Bxe5 24. Rxe5 Nc4 25. Re8+ Kg7 26. Bc5 Rbxb3 27. Bf8+ Kf6
28. Rxb3 Rxb3 $19 {and Black wins!}) ({However, after} 23. Ne1 $1 Rd6 24. Ba2
Nd7 25. Rxb7 Bxb7 26. Rxc7 Bxe4 27. a4 $14 {Black's position would be still
unpleasant due to the strong passed a-pawn.}) 23... Nd7 $2 {That was played
rapidly.} ({In his turn, Arkadij fails to solve all the problems and claim a
draw immediately:} 23... Nc4 $1 24. Rxa6 (24. Bxc4 $2 Rxb1+ 25. Kh2 Rxe3 $19)
24... Nxe3 25. Bxf7+ (25. fxe3 Rdxb3 26. Rxb3 Rxb3 27. Ra8+ Bf8 28. Nxe5 Kg7
$11) 25... Kxf7 26. Rxb7 Rd1+ 27. Kh2 Nf1+ 28. Kg1 Ne3+ $11) 24. Rxa6 Rdxb3 25.
Rxb3 Rxb3 {As a result, White has liquidated into a better ending, where the
a-pawn is much stronger than his opponent's pawn.} 26. Ra7 (26. Ra8+ Rb8 27.
Rxb8+ (27. Ra7 Rc8 28. a4 $14) 27... Nxb8 28. Kf1 f6 29. Ke2 Kf7 30. Kd3 Ke6
31. Kc4 $14) (26. a4 Bf8 27. a5 Ra3 28. Ra8 Kg7 29. g4 $14) 26... Nf8 {Black
is looking for active counterplay, but it takes a long time.} (26... Bf8 27.
Rxc7 Nf6 28. Ng5 Bxa3 29. g3 Bb2 30. Kg2 $16) 27. Rxc7 $2 {At this moment I
had just few seconds left on my clock, but still I can hardly understand this
awful move.} ({Of course, Black's position would remain difficult after the
logical} 27. a4 Ra3 28. a5 f6 29. g4 $16) 27... Rxa3 {Obviously, now the
position is completely drawn.} 28. g3 {White's pieces are slightly more active,
but this is rather symbolic.} h6 (28... f6 $11) (28... Ra4 29. Nd2 f6 $11) 29.
Rc8 Kh7 $2 {The miracles are continuous in this game! All of a sudden, Arkadij
loses a pawn in such a simple position.} (29... f6 $11) (29... Ra4 30. Nd2 Kh7
31. Rc7 Kg8 $11) 30. Nxe5 f5 $2 {Only after this weird move do I get real
winning chances again!} ({No doubt, after} 30... Bxe5 31. Rxf8 Kg7 32. Re8 Bc3
$14 {Black should be able to hold this position with precise play.}) 31. exf5
gxf5 (31... Bxe5 32. Rxf8 gxf5 33. Rxf5 Bxg3 34. Rf6 $18) 32. Rc7 Kg8 {Black's
pawns are extremely weak, so Arkadij's task wasn't easy.} 33. Nc6 (33. Nf7 $5
Ra6 34. Rb7 Rf6 35. Ne5 $16) 33... Ng6 34. Rc8+ Kh7 35. Rc7 Kg8 36. Kg2 h5 ({
Possibly, it would be better not to touch the pawns:} 36... Ra4 $5 37. Nd8 Ra6
$16) 37. Rc8+ (37. Nd4 Ra5 (37... f4 38. Nf5 Bf6 39. gxf4 Ra5 40. Nh6+ Kh8 41.
Kf3 $18) 38. Rc6 Kf7 39. Ne6 Bf6 40. Ng5+ Kg7 41. Rc7+ Kg8 $16) 37... Kh7 38.
Rc7 Kg8 39. Bd4 Bxd4 $2 {A decisive mistake - now Black is losing the second
pawn.} ({A passive defence was called for:} 39... Bf8 $142 40. Ne5 Nxe5 41.
Bxe5 Ra4 $16) 40. Nxd4 f4 ({Nor was there much hope after} 40... Ra5 41. Ne6
Kh8 42. Rf7 h4 43. Rf6 Kh7 44. gxh4 Nxh4+ 45. Kg3 Ng6 46. f3 Rb5 47. h4 $18)
41. Ne6 f3+ ({Or} 41... Kh8 42. Nxf4 (42. Rc5 $5 f3+ 43. Kh2 Ra2 44. Rxh5+ Kg8
45. Rg5 Kf7 46. Nd4 Rxf2+ 47. Kg1 Rg2+ 48. Kf1 Rh2 49. Rh5 $18) 42... Nxf4+ 43.
gxf4 Ra5 44. Re7 $18 {, followed by 45.Re5.}) 42. Kh2 (42. Kg1 {was also good
enough:} Ne5 43. Rg7+ Kh8 44. Rg5 Nd3 45. Rxh5+ Kg8 46. Rf5 Ra1+ 47. Kh2 Nxf2
48. Rxf3 $18 {but I'd calculated another winning line.}) 42... Ne5 43. Rg7+ Kh8
44. Rg5 Nd3 45. Rxh5+ Kg8 46. Rf5 Nxf2 47. Rf8+ Kh7 48. Rxf3 Ra2 {Black's
activity is just temporary.} (48... Rxf3 49. Ng5+ Kg6 50. Nxf3 $18) 49. Nf4 ({
Only not} 49. h4 $2 Ne4+ 50. Kh3 Nf2+ 51. Kg2 Ne4+ $11) 49... Kh6 (49... Ne4+
50. Ng2 $18) 50. Kg1 Ne4 51. Re3 $18 {Some accuracy is still required, but
White is winning now.} Ng5 (51... Ra4 52. Kg2 Kg5 53. Rd3 Ra2+ 54. Kf3 Nd2+ 55.
Ke3 Nf1+ 56. Ke4 Nd2+ 57. Ke5 $18) 52. Kf1 Kh7 53. Re2 {Activating the king.}
Ra4 54. Kg2 Ne4 55. Kf3 Ng5+ 56. Kg4 Ne4 57. h4 Kg7 58. Kf3 Nf6 59. Re5 Ra3+
60. Re3 Ra1 61. Re5 Ra3+ 62. Kg2 Ra1 {Allowing White to exchange the knights.}
(62... Kh7 63. Kh3 Ra1 64. Re7+ Kh6 65. Re6 Kg7 66. h5 Kf7 67. Re5 $18) 63.
Nh5+ 1-0